Historia verdadera de la conquista de la Nueva España. II /

Detalles Bibliográficos
Autor principal: Díaz del Castillo, Bernal, 1496-1584 (Autor)
Formato: Electrónico eBook
Lenguaje:español
Publicado: Barcelona : www.linkgua.com, 2011.
Barcelona : www.linkgua-digital.com, 2017.
Colección:Memoria (Linkgua Ediciones)
Linkgua historia ; 128.
Materias:
Acceso en línea:Digitalia Hispánica

MARC

LEADER 00000cam a2200000Ii 4500
001 DIGLINK00637
003 NyNyDIG
006 m o d
007 cr |||||||||||
008 140101s2011 sp o 000 0 spa d
040 |a DGITA  |b eng  |e rda  |e pn  |c DGITA  
020 |a 9788499531755  |q (eBook) 
020 |a 849953175X  |q (eBook) 
020 |z 9788499539065  |q (rústica) 
020 |z 8499539068  |q (rústica) 
035 |a (OCoLC)888243593 
043 |a n-mx--- 
050 4 |a F1230 ebook 
082 0 4 |a 972.02 
100 1 |a Díaz del Castillo, Bernal,  |d 1496-1584,  |e author. 
245 1 0 |a Historia verdadera de la conquista de la Nueva España.  |n II /  |c Bernal Díaz del Castillo. 
264 1 |3 PDF  |a Barcelona :  |b www.linkgua.com,  |c 2011. 
264 1 |3 ePUB  |a Barcelona :  |b www.linkgua-digital.com,  |c 2017. 
300 |a 1 online resource. 
336 |a text  |b txt  |2 rdacontent 
337 |a computer  |b c  |2 rdamedia 
338 |a online resource  |b cr  |2 rdacarrier 
347 |a text file  |2 rdaft 
347 |b EPUB 
347 |b PDF 
490 1 |3 PDF  |a Memoria 
490 1 |3 ePUB  |a Linkgua Historia 
600 1 0 |a Cortés, Hernán,  |d 1485-1547. 
651 0 |a Mexico  |x History  |y Conquest, 1519-1540. 
655 0 |a Electronic books. 
776 0 8 |i Print version:  |a Castillo, Bernal Díaz del.  |t Historia verdadera de la conquista de la Nueva España II.  |d Barcelona : Linkgua, ©2010  |z 9788499539065 
791 2 |a Digitalia (Firm),  |e distributor. 
793 0 |g Digitalia eBook Collection:  |a Linkgua 
830 0 |3 PDF  |a Memoria (Linkgua Ediciones) 
830 0 |3 ePUB  |a Linkgua historia ;  |v 128. 
856 4 0 |3 Digitalia Hispánica  |u https://www.digitaliapublishing.com/a/13492/ 
910 |a Premium Collection: 2007-2012